[Event "Interzonal-13c"]
[Site "Biel"]
[Date "1985.07.18"]
[Round "11"]
[White "Jansa, Vlastimil"]
[Black "Sokolov, Andrei"]
[Result "1/2-1/2"]
[WhiteElo "2480"]
[BlackElo "2555"]
[Annotator "ChessBase"]
[PlyCount "95"]
[EventDate "1985.07.02"]
[EventType "tourn"]
[EventRounds "17"]
[EventCountry "SUI"]
[EventCategory "12"]
[SourceTitle "IZT"]
[Source "ChessBase"]
[SourceDate "1999.07.01"]
[SourceVersion "1"]
[SourceVersionDate "1999.07.01"]
[SourceQuality "1"]

1. e4 c5 2. Nf3 e6 3. d4 cxd4 4. Nxd4 Nc6 5. Nc3 a6 6. g3 d6 7. Bg2 Bd7 8. O-O
Qc7 9. Re1 Be7 10. Nxc6 Bxc6 11. a4 b6 12. Qg4 (12. Bf4 $5) 12... h5 13. Qe2 h4
14. Bf4 hxg3 15. hxg3 Nf6 16. Qc4 $14 Qb7 17. Rad1 b5 18. Qb3 e5 19. axb5 axb5
20. Bg5 b4 21. Bxf6 bxc3 22. Bxe7 Qxb3 23. cxb3 Kxe7 24. bxc3 Ra3 25. b4 Rxc3
26. Rc1 Rxc1 27. Rxc1 Kd7 28. f3 Rb8 29. Rb1 g6 30. Bf1 f5 31. Bd3 Ke6 32. b5
Bb7 33. Kf2 d5 34. exd5+ Kxd5 35. Ke3 Ra8 36. Rb3 Kc5 37. Rc3+ Kb6 38. f4 e4
39. Be2 Rd8 40. Rc4 Ra8 41. Rc3 Rd8 42. Ra3 Rc8 43. Kd4 Rd8+ 44. Ke5 Rd5+ 45.
Kf6 Rd6+ 46. Ke5 Rd5+ 47. Kf6 Rd6+ 48. Ke5 1/2-1/2

[Event "Interzonal-14a"]
[Site "Subotica"]
[Date "1987.??.??"]
[Round "11"]
[White "Short, Nigel D"]
[Black "Zapata, Alonso"]
[Result "1/2-1/2"]
[WhiteElo "2615"]
[BlackElo "2505"]
[Annotator "ChessBase"]
[PlyCount "66"]
[EventDate "1987.06.??"]
[EventType "tourn"]
[EventRounds "17"]
[EventCountry "YUG"]
[EventCategory "11"]
[SourceTitle "CBM 003"]
[Source "ChessBase"]
[SourceDate "1988.04.01"]
[SourceVersion "1"]
[SourceVersionDate "1988.04.01"]
[SourceQuality "1"]

1. e4 c5 2. Nf3 e6 3. d4 cxd4 4. Nxd4 Nc6 5. Nc3 Qc7 6. f4 a6 7. Be2 b5 8. Nxc6
dxc6 9. O-O Bb7 10. Be3 Rd8 $5 (10... Nf6) 11. Qe1 c5 12. Bf3 Nf6 13. e5 Nd5
14. Rd1 Be7 15. Nxd5 Bxd5 16. Bxd5 Rxd5 17. Rxd5 exd5 18. Qg3 O-O 19. f5 Re8 $2
(19... Kh8 $16 {Zapata,A}) 20. f6 $2 (20. Bh6 $142 $1 g6 21. fxg6 hxg6 (21...
fxg6 22. Qf4 $18) 22. Rxf7 $1 Kxf7 23. e6+ Kxe6 24. Qxc7 $18) 20... Bf8 21.
fxg7 Bxg7 22. e6 Re7 23. Bf4 Qb6 24. Be5 fxe6 25. h4 c4+ 26. Kh1 Qd8 27. h5 Qe8
28. Qg4 h6 29. Rf6 Kh7 30. Rxe6 Qf7 31. Qg6+ Kg8 32. Rxe7 Qxe7 33. Bxg7 Qe1+
1/2-1/2

[Event "Interzonal-11b"]
[Site "Rio de Janeiro"]
[Date "1979.10.07"]
[Round "11"]
[White "Shamkovich, Leonid Alexandrovic"]
[Black "Timman, Jan H"]
[Result "1/2-1/2"]
[WhiteElo "2495"]
[BlackElo "2625"]
[Annotator "ChessBase"]
[PlyCount "85"]
[EventDate "1979.09.23"]
[EventType "tourn"]
[EventRounds "19"]
[EventCountry "BRA"]
[EventCategory "11"]
[SourceTitle "IZT"]
[Source "ChessBase"]
[SourceDate "1999.07.01"]
[SourceVersion "1"]
[SourceVersionDate "1999.07.01"]
[SourceQuality "1"]

1. e4 c5 2. Nf3 e6 3. d4 cxd4 4. Nxd4 Nc6 5. Nc3 Qc7 6. g3 a6 7. Bg2 Nf6 8. O-O
Be7 9. Re1 Nxd4 10. Qxd4 Bc5 11. Qd1 d6 12. h3 Nd7 13. Be3 O-O 14. Qd2 Ne5 15.
Bxc5 Qxc5 16. Rad1 Nc4 17. Na4 Qc7 18. Qc3 Bd7 19. b3 Bxa4 20. Bf1 $1 Bb5 21.
bxc4 Rfc8 22. Qb4 Bxc4 23. Bxc4 Qxc4 24. Qxb7 Qc6 25. Qe7 Qxc2 26. Rxd6 Qxa2
27. Rd7 Rf8 28. Re3 Rac8 29. Rf3 Qe2 30. Rf4 (30. Rxf7 $2 Rc1+ 31. Kh2 Qxf2+
32. Rxf2 Rxf2# $19) 30... e5 31. Qxe5 Rc1+ 32. Kg2 Qf1+ 33. Kf3 Rc2 34. Kg4
Rxf2 35. Rdxf7 Qd1+ 36. Rf3 h5+ 37. Kg5 Qd8+ 38. Re7 Rf7 39. Rxf2 Rxe7 40. Qd5+
Qxd5+ 41. exd5 Re5+ 42. Kg6 Rxd5 43. Rc2 1/2-1/2

[Event "Haringey"]
[Site "London"]
[Date "1989.??.??"]
[Round "?"]
[White "Adams, Michael"]
[Black "Rajkovic, Dusan"]
[Result "1-0"]
[WhiteElo "2505"]
[BlackElo "2465"]
[Annotator "ChessBase"]
[PlyCount "45"]
[EventDate "1989.07.??"]
[EventType "schev"]
[EventRounds "9"]
[EventCountry "ENG"]
[SourceTitle "CBM 014"]
[Source "ChessBase"]
[SourceDate "1990.02.01"]
[SourceVersion "1"]
[SourceVersionDate "1990.02.01"]
[SourceQuality "1"]

1. e4 c5 2. Nf3 e6 3. d4 cxd4 4. Nxd4 Nc6 5. Nc3 Qc7 6. f4 $5 a6 7. Nf3 b5 8.
Bd3 Bb7 (8... Bc5 $1 9. Qe2 {/\ Be3}) 9. O-O Nf6 (9... d6 10. a3 Nf6 11. Qe1
Be7 12. b4 {Hebden,M-Granda Zuniga/Ls Palmas/1989/}) 10. e5 $1 (10. a3 b4 $1)
10... b4 11. exf6 bxc3 12. bxc3 gxf6 {>= 12...Bc5+} 13. Rb1 $6 {>= 13.Be3} Bc5+
14. Kh1 h5 $2 {>= 14...Ne7 /\ ...f5} 15. Qe1 h4 16. Nxh4 Ne7 17. Nf3 Rb8 18. c4
Rh5 19. Rb3 Bc6 20. Qg3 Kf8 21. Bb2 Rh6 22. Ne5 $1 Ba4 23. Ng4 1-0

[Event "Candidates qf2"]
[Site "Antwerp"]
[Date "1989.02.08"]
[Round "6"]
[White "Timman, Jan H"]
[Black "Portisch, Lajos"]
[Result "1-0"]
[WhiteElo "2610"]
[BlackElo "2610"]
[Annotator "ChessBase"]
[PlyCount "127"]
[EventDate "1989.01.??"]
[EventType "match"]
[EventRounds "6"]
[EventCountry "BEL"]
[SourceTitle "Candidates"]
[Source "ChessBase"]
[SourceDate "1999.07.01"]
[SourceVersion "2"]
[SourceVersionDate "1999.07.01"]
[SourceQuality "1"]

1. e4 c5 2. Nf3 e6 3. d4 cxd4 4. Nxd4 Nc6 5. Nc3 Qc7 6. g3 d6 7. Bg2 Nxd4 8.
Qxd4 Nf6 9. Bg5 Be7 10. O-O-O Bd7 11. f4 Bc6 12. Bxf6 Bxf6 13. Qxd6 Qxd6 (13...
Qa5 14. e5 $1 Bxg2 15. exf6 gxf6 16. Rhe1 {/\ Rxe6}) 14. Rxd6 Bxc3 15. bxc3 Ke7
16. Rd4 $14 Rhc8 17. Rhd1 Rc7 18. Bf1 Rac8 19. c4 h6 20. e5 Bf3 21. R1d2 Rc5 {
21...b6!?} 22. R2d3 Bc6 23. Ra3 a6 24. Kd2 f6 25. Re3 fxe5 26. Rxe5 Rxe5 27.
fxe5 Bh1 28. Rd3 $6 (28. Bd3 $5 $14 Rc5 29. Be4 Bxe4 30. Rxe4 Ra5 31. Re3 Rxa2
32. Rb3) 28... Rf8 $2 (28... Rxc4 $1 $10 29. Rd7+ Kxd7 30. Bxc4 Bd5 31. Bxd5
exd5 32. Kd3 $10) 29. Ke1 Be4 30. Re3 Bh1 $6 (30... Bxc2 $5 31. Bg2 Rb8 32. Rc3
Ba4 $10) 31. Be2 Bg2 32. a3 g5 33. Kd2 Rf2 34. Ke1 Rf8 35. Bg4 $1 Rf1+ 36. Kd2
Bc6 (36... Rf2+ $18 37. Re2 Rxe2+ 38. Kxe2 Bc6 39. Kd3 Bd7 40. c5 Kd8 41. c6
bxc6 42. Kd4 Kc7 43. Kc5 $18) 37. Kc3 Be8 38. Bf3 $1 b6 39. Bb7 a5 40. Re2 Ra1
41. Kb2 Rd1 42. Bf3 Bg6 43. Rf2 Re1 44. Be2 h5 45. Kc3 Rc1 46. Bf1 Bf5 $2 (
46... Ra1 $1 $10 47. Kb2 (47. Kb3 $6 Rb1+ 48. Ka4 Be8#) 47... Re1 $1 48. Be2
Bf5 49. Kc3 (49. Bxh5 Rxe5 $10) 49... Bg4 $1 $10) 47. c5 $1 bxc5 48. Bb5 g4 $2
(48... Re1 $1 {/\ h5-h4 gibt Schwarz bessere Chancen auf remis.}) 49. Rd2 Kf7
50. Kb3 Kg6 51. c4 Be4 $2 {51...h5-h4 (!)} 52. Ka4 Kf5 (52... Rc3 $1 53. Kxa5
Rxa3+ 54. Kb6 Kf5 55. Kxc5 Kxe5 56. Kb6 h4 57. gxh4 g3 {Ist die beste Chance})
53. Kxa5 Kxe5 54. Kb6 Bf3 55. a4 Ke4 56. a5 Ke3 57. Ra2 Rd1 58. Kc7 Ba8 59. a6
e5 60. Bc6 Bxc6 61. Kxc6 Rd8 62. a7 Ra8 63. Kxc5 Kd3 64. Ra3+ 1-0

[Event "YUG-chT"]
[Site "Tivat"]
[Date "1995.??.??"]
[Round "5"]
[White "Ivanovic, Bozidar"]
[Black "Zvjaginsev, Vadim"]
[Result "1-0"]
[WhiteElo "2495"]
[BlackElo "2600"]
[Annotator "Dolmatov,S"]
[PlyCount "67"]
[EventDate "1995.??.??"]
[EventType "team-swiss"]
[EventRounds "11"]
[EventCountry "YUG"]
[SourceTitle "CBM 048 Extra"]
[Source "ChessBase"]
[SourceDate "1995.11.01"]
[SourceVersion "1"]
[SourceVersionDate "1995.11.01"]
[SourceQuality "1"]

1. e4 c5 2. Nf3 e6 3. d4 cxd4 4. Nxd4 Nc6 5. Nc3 Qc7 6. Be2 Nf6 7. O-O (7. f4
d6 8. Be3) 7... b6 $6 (7... a6) 8. Bg5 Bb7 $2 (8... Be7 $5 9. Qd2 a6) 9. Ndb5
$1 Qb8 10. Qd2 Bc5 (10... a6 11. Rad1 axb5 12. Bxf6 d6 13. Bh4 $16) 11. Rad1
Ne5 (11... O-O 12. Bxf6 gxf6 13. Qh6 $16) 12. Bxf6 gxf6 13. Na4 $16 Be7 14. f4
Ng6 15. Qxd7+ Kf8 16. f5 (16. Nc7 $6 Bc8 $1 (16... Bxe4 17. Nc3 Bc5+ 18. Kh1
$16) 17. Qc6 (17. Qe8+ Kg7) 17... Bb7 18. Qc4 (18. Qc3 Bxe4 19. Nxa8 Qxa8 $132)
18... b5 $1 $132) 16... Ne5 17. Qd2 Rg8 (17... Bxe4 18. Qh6+ Ke8 19. fxe6 fxe6
20. Rxf6 Bxf6 21. Qxf6 $18) 18. Nac3 Rg7 19. Kh1 Kg8 20. Qh6 Kh8 (20... a6 21.
Nd4 Qc8 22. Qh3 $18) 21. Qh3 Qg8 22. Nd6 Bc8 23. Nc4 $1 Nc6 24. e5 $1 Rb8 $6 (
24... exf5 25. Bf3 (25. Nd5 fxe5 26. Nxe7 Nxe7 27. Nxe5) 25... Be6 (25... f4
26. Qh6 Rg6 27. Qxf4 $16) 26. Bxc6 Bxc4 27. Bxa8 Bxf1 28. Bf3 Ba6 (28... Bc4
29. Qh4 $18) 29. Nd5 $18) 25. exf6 Bxf6 26. Ne4 Bd8 27. f6 $18 Rg6 28. Ncd6 Bc7
29. Qc3 Bb7 (29... Bd7 30. Bb5 $18) 30. Nxb7 Rxb7 31. Qxc6 Bxh2 32. Kxh2 Rxg2+
33. Kh1 Rxe2 34. Rg1 1-0

[Event "Olympiad-31"]
[Site "Moscow"]
[Date "1994.12.06"]
[Round "6.4"]
[White "Van der Wiel, John"]
[Black "Ruzele, Darius"]
[Result "1-0"]
[WhiteElo "2555"]
[BlackElo "2495"]
[Annotator "Dolmatov,S"]
[PlyCount "81"]
[EventDate "1994.12.01"]
[EventType "team-swiss"]
[EventRounds "14"]
[EventCountry "RUS"]
[SourceTitle "CBM 045"]
[Source "ChessBase"]
[SourceDate "1995.04.01"]
[SourceVersion "1"]
[SourceVersionDate "1995.04.01"]
[SourceQuality "1"]
[WhiteTeam "Netherlands"]
[BlackTeam "Lithuania"]
[WhiteTeamCountry "NED"]
[BlackTeamCountry "LTU"]

1. e4 c5 2. Nf3 e6 3. d4 cxd4 4. Nxd4 Nc6 5. Nc3 Qc7 6. Be2 a6 7. O-O Nf6 8.
Kh1 Nxd4 9. Qxd4 Bc5 10. Qd3 h5 11. f4 Ng4 12. e5 Nf2+ (12... d6 $5 13. Ne4 (
13. exd6 Qxd6 14. Qxd6 Bxd6 15. Bf3 Rb8 16. Ne4 $14 {Arnason,I-Cramling,P/
Helsinki/1981/1:0/35/Inf 51/181/}) 13... d5 14. Nxc5 Qxc5 15. Bxg4 hxg4 16. Be3
Qc7 17. Kg1) 13. Rxf2 Bxf2 14. Ne4 Bc5 15. Be3 $1 (15. Qc3 $6 b6 16. b4 Bb7 17.
Bf3 d5 18. exd6 Bxd6 19. Qxg7 O-O-O $17 {Muhametov,E-Rublevsky,S/SVK/1991/})
15... Be7 (15... b6 $6 16. Bxc5 bxc5 17. Nd6+ Kf8 18. f5 $16) (15... Bxe3 16.
Nd6+ Ke7 17. Qxe3 Qxc2 18. f5 $40) 16. Nd6+ Bxd6 17. exd6 Qa5 18. Bf3 $44 O-O
19. a4 Qb4 20. Bd2 (20. b3 $5 h4 21. a5 $16) 20... Qxb2 21. Bc3 Qb6 22. Bxh5
Qf2 $8 (22... Qc5 23. Qg3 f6 24. Bg6 Qxd6 25. Qh4 Rf7 26. Qh7+ Kf8 27. Bxf6 $1
Rxf6 28. Qh8+ Ke7 29. Qe8#) 23. Rf1 Qh4 24. Qd4 f6 25. Bf3 a5 26. Be1 $1 Qh7
27. c4 Ra6 (27... Rb8 28. c5 (28. Qa7 $2 Qd3) 28... b5 29. c6 b4 30. c7 $16)
28. c5 Rc6 29. Bxa5 Kf7 30. Bb6 Rh8 31. h3 Qf5 32. Be4 Qh5 33. a5 Qe2 34. Bd3
Qg4 35. Kh2 Rh4 36. Rf3 Qh5 37. Qe3 Qh6 38. Be4 Rh5 39. Qd4 Rh4 40. a6 Rxb6 41.
cxb6 1-0

[Event "Olympiad-32"]
[Site "Yerevan"]
[Date "1996.09.17"]
[Round "2.2"]
[White "Svidler, Peter"]
[Black "Rahman, Ziaur"]
[Result "1-0"]
[WhiteElo "2650"]
[BlackElo "2460"]
[Annotator "Dolmatov,S"]
[PlyCount "81"]
[EventDate "1996.09.15"]
[EventType "team-swiss"]
[EventRounds "14"]
[EventCountry "ARM"]
[SourceTitle "CBM 055"]
[Source "ChessBase"]
[SourceDate "1996.12.01"]
[SourceVersion "1"]
[SourceVersionDate "1996.12.01"]
[SourceQuality "1"]
[WhiteTeam "Russia"]
[BlackTeam "Bangladesh"]
[WhiteTeamCountry "RUS"]
[BlackTeamCountry "BAN"]

1. e4 c5 2. Nf3 Nc6 3. d4 cxd4 4. Nxd4 Qc7 5. Nc3 e6 6. Be2 a6 7. O-O Nf6 8.
Kh1 Bb4 9. Qd3 d6 (9... Qd6 10. Nxc6 Qxd3 11. Bxd3 dxc6 12. Na4 Nd7 13. Be3 $14
{Ivanovic,B-Rajkovic,D/Vrsac/1987/}) 10. Bg5 Bd7 11. Nb3 $6 (11. Bxf6 $5 gxf6
12. Nd1 Ne5 13. Qh3 Bc5 14. c3 $16) 11... Ne5 12. Qe3 Bxc3 13. bxc3 Bc6 $2 (
13... Rc8 14. f4 Nc4 (14... Ng6 $5 15. f5 Ne5 16. fxe6 Bxe6 17. Bxf6 gxf6 18.
Nd4 Qxc3 19. Qf2 $10) 15. Qd3 $132) 14. f3 Ned7 15. c4 h6 16. Bh4 $14 e5 (16...
b6 17. Rad1 O-O 18. Qd2 Rfc8 19. Qxd6 Qxd6 20. Rxd6 $14) (16... O-O $5 17. Rad1
Rfc8 18. Qd2 Ne8 19. Be7 Ne5 $10) 17. Rfd1 a5 18. Qd2 Ke7 (18... a4 19. Nc1 Ke7
20. Nd3 Rhc8 21. Nb4 $14) 19. Qc3 b6 20. Nd2 Nc5 (20... Nf8 21. Nf1 Ng6 22.
Bxf6+ Kxf6) 21. Nf1 Bd7 22. Ne3 Be6 23. Nd5+ Bxd5 24. cxd5 Rhc8 25. Bb5 Rab8 $6
(25... Ncd7 $5 26. Qe3 (26. Qxc7 Rxc7 27. c4 $14) 26... Qc5) 26. Qe3 Nb7 27. c4
Qc5 28. Qd2 $16 g5 (28... Qc7 29. Rf1 Nc5 30. f4 $40) 29. Bf2 Qc7 30. Be3 Rg8
31. Rab1 Nc5 32. Bc6 Nfd7 33. g3 $1 f6 $2 (33... Rbd8 34. Qg2 Nb8 35. Bb5 Qc8)
34. Qg2 $18 g4 35. Bxh6 Rg6 36. Be3 Rh8 37. Rf1 Qd8 38. fxg4 Rxg4 39. Qf3 Qg8
40. Bxc5 Rxg3 41. Qf5 1-0

[Event "EU-Cup 35th"]
[Site "Budva"]
[Date "2019.11.13"]
[Round "4.8"]
[White "Edouard, Romain"]
[Black "Abergel, Thal"]
[Result "1-0"]
[WhiteElo "2635"]
[BlackElo "2469"]
[Annotator "Edouard,R"]
[PlyCount "85"]
[EventDate "2019.11.10"]
[EventType "team-swiss"]
[EventRounds "7"]
[EventCountry "MNE"]
[SourceTitle "CBM 193 Extra"]
[Source "ChessBase"]
[SourceDate "2020.01.31"]
[SourceVersion "1"]
[SourceVersionDate "2020.01.31"]
[SourceQuality "1"]
[WhiteTeam "Gent"]
[BlackTeam "Viernheim"]
[WhiteTeamCountry "BEL"]
[BlackTeamCountry "GER"]

1. e4 c5 2. Nf3 e6 3. d4 cxd4 4. Nxd4 Nc6 5. Nc3 Qc7 6. Be2 a6 7. O-O b5 {
An option to avoid main lines with 7...Nf6, but it is a better move if White
plays 7.Be3 instead of 7.0-0.} 8. Nxc6 dxc6 (8... Qxc6 $6 {isn't what Black
wants:} 9. Bf3 $1 Bb7 10. Re1 (10. Bf4 $5) 10... Ne7 11. a4 b4 12. Nd5 $1 exd5
13. exd5 Qf6 14. Bd2 $5 O-O-O 15. Bxb4 Nf5 16. Bc3 Qg5 17. d6 $1 Nxd6 18. Re5
Qg6 19. Rc5+ (19. Ba5 $1) 19... Kb8 20. Be5 Rc8 21. Rc3 (21. Rd5 $5) 21... Rxc3
22. bxc3 Kc8 23. Rb1 $18 {1-0 (31) Harikrishna,P (2725)-Cyborowski,L (2512)
CZE 2015}) 9. a4 $1 b4 {Severely weakening the queenside, and especially the
c4-square, but Black has no other choice.} (9... Bb7 $2 10. axb5 Rd8 (10...
axb5 $2 11. Nxb5 cxb5 12. Bxb5+ Ke7 13. Rxa8 Bxa8 14. Qd4 $18) 11. b6 $1 $16 {
A very important nuance if White's bishop was on e3 and his king still on e1 -
then Black would threaten to take on d1 with check!}) 10. Nb1 Nf6 11. Nd2 $5 {
An interesting move order - with a hidden tactical idea if Black plays ...Bd6
to provoke a weakening kingside pawn move.} ({Until a few years ago White
always played} 11. Bd3 {first.}) 11... Be7 (11... Bd6 $6 12. Nc4 $1 Bxh2+ 13.
Kh1 Bf4 (13... Nxe4 14. Bd3 Nc5 15. g3 Bxg3 16. fxg3 Qxg3 17. Qh5 $1 $18) 14.
e5 $1 Bxe5 $2 (14... Bxc1 15. Nd6+ $16) 15. f4 $18) (11... Bc5 12. Bd3 e5 13.
h3 O-O 14. Qe2 {The c4-square always guarantees White a slight advantage.} a5 (
14... Be6 15. Bc4 Qc8 16. Nf3 Nh5 17. Kh2 Nf4 18. Bxf4 exf4 19. Rad1 h6 20. Rd2
Ra7 21. Rfd1 $16 {½-½ (40) Giri,A (2758)-Grachev,B (2673) Spain 2014}) 15.
Nb3 Bb6 16. Bg5 Nd7 17. Bc4 Nc5 18. Be3 Nxb3 19. cxb3 $6 (19. Bxb6 Qxb6 20.
cxb3 $14) 19... Rd8 $6 (19... Bd4 $1 $13) 20. Rfd1 $6 Bd4 $1 {1-0 (44) Navara,
D (2734)-Movsesian,S (2653) China 2016}) 12. f4 $6 {I got overoptimistic with
that plan.} (12. a5 {or even 12.b3!? would have been better and safer.}) 12...
O-O (12... e5 13. fxe5 Qxe5 14. Nc4 $1 {was what I focused on, and White
should have a great position.}) 13. e5 $6 ({Again I should play} 13. a5 $1 {
before Black plays ...a5 himself:} e5 14. f5 $36) 13... Nd5 14. Nc4 a5 $1 {
Black gets his bishop to a6 and is simply fine.} 15. Bd3 Ba6 16. Qe2 Bxc4 (
16... Nb6 17. Be3 Nxc4 18. Bxc4 Bxc4 19. Qxc4 Rfd8 $11) 17. Bxc4 Rfd8 18. Kh1
Bf8 19. g4 Nb6 20. Bd3 c5 21. f5 {White has to go for it if he wants to try to
be better!} exf5 (21... c4 22. Be4 Rac8 (22... Qxe5 $2 23. Bf4 $18) 23. Bg5 Rd7
{would also be playable, although optically it looks good for White. Perhaps}
24. Qf3 {to go to h3.}) 22. gxf5 c4 23. Be4 Qxe5 24. Bf4 Qe8 $1 (24... Qe7 $2
25. f6 $1 Qxf6 26. Bc7 Qe6 27. Rae1 $1 (27. Bxb6 Re8 $1 $13) 27... Re8 28. Qf3
$18) 25. Rae1 Rac8 26. f6 $2 (26. Qg2 $1 {was winning, it seems:} Qd7 27. Be5
$1 {with the idea Bxg7, while at the same time preventing ...f6. After} Qd2 28.
Re2 Qh6 29. Bb7 Rc5 30. Bf4 Qh5 31. Bg5 {White wins material, as the d8-rook
is hanging and Bf3 another threat! Computer stuff.}) 26... g6 27. Qf2 Bc5 28.
Qh4 (28. Qf3 $5) 28... Rd4 $4 (28... Qd7 {looked frightening for Black, but it
seems his position is fine:} 29. Be3 $5 (29. Rf3 Re8 $1 30. Rh3 h5 {just fails}
) 29... Qd6 $1 (29... Bxe3 30. Rxe3 {and Qh6 is a deadly threat, while Rh3 is
coming as well}) 30. Bf4 {with a repetition. Again computer stuff!}) 29. Bxg6
hxg6 (29... Qc6+ $6 30. Be4 Rxe4 31. Qg4+ $1 Kf8 32. Bh6+ $18) 30. Rxe8+ Rxe8
31. Rg1 $1 {Concrete stuff - with the idea of Qh6 and Rxg6+.} Re6 (31... Bf8
32. Qf2 $1 $18) 32. Qh6 Rxf6 (32... Bf8 33. Rxg6+ $1 fxg6 34. Qxg6+ Kh8 35.
Qh5+ Kg8 36. f7+ Kg7 37. Be5+ $18) 33. Be5 Rdd6 34. Bxf6 Rxf6 35. Rd1 Be7 36.
Re1 Nc8 37. Re5 Rd6 38. Rxa5 Bf8 39. Qf4 c3 40. bxc3 bxc3 41. Ra8 Rd1+ 42. Kg2
Rd2+ 43. Kf3 1-0